000 00529nam a2200181Ia 4500
003 GCL
008 140319s9999 xx 000 0 ara d
040 _aGCL /
_cGCL
082 0 4 _a813.03
_bم ش
100 1 _aمحمد عبدالحليم عبدالله
245 1 0 _aشجرة اللبلاب /
_cمحمد عبدالحليم عبدالله
300 _a146 ص
490 _aالكتاب الذهبى
_v0
650 0 4 _aالادب العربى
650 0 4 _aالقصص العربية
650 0 4 _aالقصة
942 _2ddc
_cBK
999 _c38345
_d38345